La naturaleza como totalidad. La visión científica de Goethe.
Gorde:
| Egile nagusia: | |
|---|---|
| Beste egile batzuk: | |
| Formatua: | Ezezaguna |
| Argitaratua: |
Girona, España:
Atalanta,
2020.
|
| Saila: | Liber Naturae. Atalanta,
|
| Gaiak: | |
| Etiketak: |
Etiketa erantsi
Etiketarik gabe, Izan zaitez lehena erregistro honi etiketa jartzen!
|
MARC
| LEADER | 00000 a2200000 4500 | ||
|---|---|---|---|
| 003 | CL-VaPUC | ||
| 005 | 20230731093404.0 | ||
| 008 | 220921t2020 ||||| |||| 00| 0 eng d | ||
| 999 | |c 438608 |d 438606 | ||
| 020 | |a 9788412074390 | ||
| 040 | |c Pontificia Universidad Católica de Valparaíso | ||
| 082 | 7 | |a 501 BOR 2020 |2 22 | |
| 100 | |a Bortoft, Henri |9 876216 |e autor | ||
| 245 | 1 | 3 | |a La naturaleza como totalidad. |b La visión científica de Goethe. |
| 260 | |a Girona, España: |b Atalanta, |c 2020. | ||
| 300 | |a 538 páginas. | ||
| 490 | |a Liber Naturae. Atalanta, |n 137. | ||
| 583 | |k Cristina María Rojas Aguilar |c 20220921 | ||
| 600 | 0 | |a Goethe, Johann Wolfgang von, |d 1749-1832 |e autor |x Conocimiento científico |x Crítica e interpretación |9 265453 | |
| 650 | |a Filosofía de la ciencia |9 863129 | ||
| 650 | |a Filosofía de la naturaleza |9 265899 | ||
| 700 | |a Rivas, Antonio |e traductor |9 876891 | ||
| 942 | |2 ddc |c BK | ||
| 952 | |0 0 |1 0 |2 ddc |4 0 |6 501_000000000000000_BOR_2020 |7 0 |8 A |9 586746 |a BIBARQ |b BIBARQ |c GEN |d 2022-09-15 |e 1 |g 60211.00 |i 56545719 |l 4 |m 5 |o 501 BOR 2020 |p 5654719 |q 2025-07-18 |r 2024-01-16 |s 2023-03-31 |t 1 |v 60211.00 |w 2022-09-15 |y BK |k ARQ | ||